| 000 | 00702nam a22001697a 4500 | ||
|---|---|---|---|
| 999 |
_c7995 _d7996 |
||
| 008 | 190619b ||||| |||| 00| 0 eng d | ||
| 020 | _a9781626252974 | ||
| 082 | _a306 T34g 2015 | ||
| 100 | _aTesta, Rylan Jay | ||
| 245 |
_aThe gender quest workbook : _ba guide for teens & young adults exploring gender identity. |
||
| 260 |
_aOakland, CA : _bInstant Help Books, An Imprint of New Harbinger Publications, Inc., _c2015. |
||
| 300 |
_aviii, 169 p. _billustrations ; _c26 cm. |
||
| 650 | _a Gender nonconformity--Juvenile literature. Gender identity--Juvenile literature. Sex differences (Psychology)--Juvenile literature. | ||
| 700 | _a Coolhart, Deborah. | ||
| 700 | _aPeta, Jayme. | ||
| 942 | _2ddc | ||